| 000 | 00717nam a22001577a 4500 | ||
|---|---|---|---|
| 003 | OSt | ||
| 005 | 20151007151956.0 | ||
| 008 | 151007b xxu||||| |||| 00| 0 eng d | ||
| 040 | _cRUA | ||
| 082 | _aAVM CHU 2006 B077 Or.1 | ||
| 100 |
_92291 _aCHUM MAKARA |
||
| 245 | _aThe effect of methionine utilization in concentrate on growth rate of khmer hybrid broilers at animal experiment at station of rua, (ឥទ្ធិពលនៃការបន្ថែម មេត្យូនីនក្នុងចំណីផ្សំលើការលូតលាស់របស់មាន់ខ្មែរកូនកាត់) | ||
| 260 |
_aphnom penh _brua _c2006 |
||
| 300 |
_axi, 36p. _bill. _c29cm. |
||
| 942 |
_2ddc _cAVM |
||
| 999 |
_c2159 _d2159 |
||